Loading...
| Science - Chemistry | 0 | 6 | 0 | 0 | 60 | 43 | 70.33 | 5 | 6 | 0.00 | 0.00 |
| Science - Physics | 0 | 6 | 1 | 0 | 55 | 43 | 63.17 | 6 | 6 | 0.00 | 0.00 |
| Science - Biology | 0 | 6 | 1 | 1 | 55 | 28 | 76.67 | 6 | 6 | 0.00 | 0.00 |
| Literature - European | 0 | 4 | 0 | 0 | 40 | 34 | 60.75 | 3 | 4 | 0.00 | 0.00 |
| Science - Other | 0 | 3 | 1 | 0 | 25 | 91 | 92.33 | 3 | 3 | 0.00 | 0.00 |
| Literature - American | 0 | 2 | 1 | 0 | 15 | 91 | 93.00 | 0 | 2 | 0.00 | 0.00 |
| Philosophy | 0 | 1 | 0 | 0 | 10 | 92 | 92.00 | 1 | 1 | 0.00 | 0.00 |
| Social Science | 0 | 1 | 0 | 0 | 10 | 91 | 91.00 | 0 | 1 | 0.00 | 0.00 |
| Geography | 0 | 1 | 0 | 0 | 10 | 106 | 106.00 | 1 | 1 | 0.00 | 0.00 |
| History - European | 0 | 1 | 0 | 0 | 10 | 107 | 107.00 | 0 | 1 | 0.00 | 0.00 |
| History - Other | 0 | 1 | 0 | 0 | 10 | 88 | 88.00 | 1 | 1 | 0.00 | 0.00 |
| History - World | 0 | 1 | 0 | 0 | 10 | 90 | 90.00 | 1 | 1 | 0.00 | 0.00 |
| Literature - British | 0 | 1 | 0 | 0 | 10 | 59 | 59.00 | 1 | 1 | 0.00 | 0.00 |
| Fine Arts - Painting and Sculpture | 0 | 1 | 0 | 0 | 10 | 142 | 142.00 | 0 | 1 | 0.00 | 0.00 |
| History - American | 0 | 1 | 1 | 0 | 5 | 87 | 87.00 | 1 | 1 | 0.00 | 0.00 |